[Event "Wch Seniors 65 28th"]
[Site "Bled"]
[Date "2018.11.19"]
[Round "2"]
[White "Nickel, Arno"]
[Black "Maryasin, Boris Feliksovich"]
[Result "0-1"]
[WhiteElo "2100"]
[BlackElo "2284"]
[PlyCount "144"]
[EventDate "2018.11.18"]
[EventType "swiss"]
[EventRounds "11"]
[EventCountry "SLO"]
[SourceTitle "CBM 187 Extra"]
[Source "ChessBase"]
[SourceDate "2018.11.04"]
[SourceVersion "1"]
[SourceVersionDate "2018.11.04"]
[SourceQuality "1"]

1. d4 Nf6 2. Nf3 e6 3. e3 b6 4. b3 Bb7 5. Bb2 Bb4+ 6. c3 Be7 7. Nbd2 0-0 8. Bd3 d5 9. Qc2 c5 10. 0-0 Nc6 11. Rac1 Rc8 12. Qb1 h6 13. a3 Bd6 14. Rfd1 Qe7 15. dxc5 bxc5 16. c4 d4 17. Re1 dxe3 18. fxe3 Bb8 19. Rcd1 Ng4 20. h3 Nge5 21. Bh7+ Kh8 22. Be4 f5 23. Nxe5 Nxe5 24. Bxb7 Qxb7 25. Bxe5 Bxe5 26. Nf1 Rfd8 27. Rd3 Rxd3 28. Qxd3 Rb8 29. Rb1 a5 30. Nd2 Qc7 31. Nf3 Rd8 32. Qc2 Bg3 33. Rd1 Kh7 34. Rxd8 Qxd8 35. Nd2 Qf6 36. Qc1 Be5 37. Nf1 Bb2 38. Qd2 Bxa3 39. Qxa5 Bb4 40. Qa2 Qe5 41. Qb1 Ba5 42. Qa2 Bc7 43. Qb1 Bd8 44. Qd3 Bg5 45. Kf2 Qb2+ 46. Kg1 Bh4 47. g3 Bf6 48. Nd2 Be5 49. Nf1 Bf6 50. Qd1 Qc3 51. h4 Qe5 52. h5 Bg5 53. Qd3 Qa1 54. g4 Qe5 55. gxf5 exf5 56. Kg2 Bh4 57. Kh3 Be1 58. Qb1 Bf2 59. Qd3 Qf6 60. Kg2 Be1 61. Kf3 Qg5 62. Ke2 Bh4 63. Qd5 Qxh5+ 64. Kd2 Be7 65. Qe5 Bf6 66. Qxc5 Qf3 67. Ng3 Qxg3 68. Qxf5+ Qg6 69. e4 h5 70. c5 Qxf5 71. exf5 Kh6 72. b4 Kg5 0-1

[Event "Wch Seniors 65 28th"]
[Site "Bled"]
[Date "2018.11.18"]
[Round "1"]
[White "Nickel, Arno"]
[Black "Filzmaier, Bruno"]
[Result "1-0"]
[WhiteElo "2100"]
[BlackElo "1727"]
[PlyCount "97"]
[EventDate "2018.11.18"]
[EventType "swiss"]
[EventRounds "11"]
[EventCountry "SLO"]
[SourceTitle "CBM 187 Extra"]
[Source "ChessBase"]
[SourceDate "2018.11.04"]
[SourceVersion "1"]
[SourceVersionDate "2018.11.04"]
[SourceQuality "1"]

1. d4 e6 2. Nf3 d5 3. e3 Nf6 4. Bd3 a6 5. 0-0 b5 6. Nbd2 Bb7 7. b3 c5 8. c4 b4 9. Bb2 Nbd7 10. Qc2 Be7 11. Rac1 Rc8 12. Qb1 0-0 13. Ne5 h6 14. cxd5 exd5 15. Nxd7 Nxd7 16. Bh7+ Kh8 17. Bf5 Rc7 18. Qa1 Bf6 19. Bxd7 Qxd7 20. dxc5 Bxb2 21. Qxb2 Rfc8 22. Qd4 Qb5 23. Qf4 f6 24. Nf3 Rxc5 25. Rxc5 Rxc5 26. Nd4 Qd7 27. h4 a5 28. Kh2 Qc7 29. Qxc7 Rxc7 30. g4 Kg8 31. Kg3 g6 32. Rd1 Kf7 33. Nb5 Rd7 34. Rc1 Ke7 35. Rc5 Ba8 36. Rc8 Rd8 37. Rc5 Rd7 38. Nd4 Ra7 39. Rc8 Kd7 40. Rh8 Ra6 41. Rxh6 a4 42. Rxg6 Ke7 43. h5 Kf7 44. g5 Bb7 45. Rxf6+ Rxf6 46. gxf6 axb3 47. axb3 Kxf6 48. Kf4 Ba6 49. Nc6 1-0

[Event "Schleswig Holstein-ch Seniors op 10th"]
[Site "Buesum"]
[Date "2016.10.03"]
[Round "8"]
[White "Nickel, Arno"]
[Black "Ackermann, Hans Werner"]
[Result "0-1"]
[WhiteElo "2100"]
[BlackElo "2360"]
[PlyCount "118"]
[EventDate "2016.09.26"]
[EventType "swiss"]
[EventRounds "9"]
[EventCountry "GER"]
[SourceTitle "EXT 2019"]
[Source "ChessBase"]
[SourceDate "2018.10.10"]
[SourceVersion "1"]
[SourceVersionDate "2018.10.10"]
[SourceQuality "1"]

1. d4 d6 2. e4 Nf6 3. Nc3 Nbd7 4. Nf3 e5 5. Be2 c6 6. dxe5 dxe5 7. h3 Be7 8. Be3 Qc7 9. 0-0 h6 10. Ne1 Nc5 11. Bf3 Ne6 12. Ne2 b6 13. c4 Bc5 14. Qd2 Ba6 15. Bxc5 Nxc5 16. Qc2 0-0 17. g3 Rad8 18. Ng2 Bc8 19. g4 Ne6 20. Rad1 Ng5 21. Nh4 Ngh7 22. Kg2 Ng5 23. Nf5 Bxf5 24. gxf5 Rxd1 25. Rxd1 Rd8 26. Rd3 Rxd3 27. Qxd3 Qd7 28. Qxd7 Nxd7 29. b4 c5 30. b5 Kf8 31. Nc3 Nf6 32. Kg3 Ke7 33. Kg2 Kd6 34. Kg3 g6 35. fxg6 fxg6 36. Bg2 Nh5+ 37. Kg4 Nf4 38. Bf1 Nge6 39. Kg3 h5 40. Kh4 g5+ 41. Kg3 Nd4 42. Nd1 Ke6 43. Nc3 Kf6 44. f3 Ke7 45. Nd1 Nc2 46. Kf2 h4 47. Nc3 Nd4 48. Nd5+ Nxd5 49. exd5 Nf5 50. Bd3 Nd6 51. Kg2 Kf6 52. Kf2 e4 53. fxe4 Nf7 54. Be2 Ne5 55. Bf1 Kg7 56. Be2 Kg6 57. d6 Kf6 58. Bg4 Nxc4 59. d7 Ke7 0-1

[Event "Miedzyzdroje OB Seniors 24th"]
[Site "Miedzyzdroje"]
[Date "2016.06.21"]
[Round "5"]
[White "Nickel, Arno"]
[Black "Gander, Ralf"]
[Result "0-1"]
[WhiteElo "2092"]
[BlackElo "2134"]
[PlyCount "118"]
[EventDate "2016.06.17"]
[EventType "swiss"]
[EventRounds "9"]
[EventCountry "POL"]
[SourceTitle "EXT 2019"]
[Source "ChessBase"]
[SourceDate "2018.10.10"]
[SourceVersion "1"]
[SourceVersionDate "2018.10.10"]
[SourceQuality "1"]

1. d4 Nf6 2. Nf3 g6 3. c4 c5 4. Nc3 cxd4 5. Nxd4 Nc6 6. g3 Bg7 7. Nxc6 bxc6 8. Bg2 Qb6 9. 0-0 0-0 10. Qc2 d6 11. Re1 Ng4 12. Rf1 Rb8 13. h3 Ne5 14. b3 Ba6 15. Na4 Qc7 16. Bb2 Rfc8 17. Rac1 Bb7 18. f4 Nd7 19. Bxg7 Kxg7 20. e4 f6 21. Rcd1 Nf8 22. e5 dxe5 23. fxe5 Qxe5 24. Rfe1 Qc7 25. Nc5 e5 26. Kh2 Rd8 27. Qe4 Qe7 28. Nxb7 Rxb7 29. Qxc6 Rbd7 30. Rxd7 Rxd7 31. Bd5 Rd6 32. Qc8 f5 33. Re2 e4 34. Qc5 a6 35. Qd4+ Qf6 36. Qe3 Qe5 37. Rd2 Nd7 38. Kg2 Qa1 39. Qd4+ Qxd4 40. Rxd4 Nf6 41. Kf2 Nxd5 42. cxd5 Kf6 43. Ra4 Ke5 44. Ra5 g5 45. b4 Kd4 46. a4 f4 47. gxf4 gxf4 48. b5 axb5 49. Rxb5 Rxd5 50. Rb7 Rh5 51. Rd7+ Ke5 52. Re7+ Kd5 53. a5 Rxh3 54. a6 Ra3 55. a7 Ra2+ 56. Ke1 Kd4 57. Rb7 f3 58. Rb4+ Ke3 59. Rb3+ Kf4 0-1

[Event "Schleswig Holstein-ch Seniors op 9th"]
[Site "Buesum"]
[Date "2015.09.28"]
[Round "1"]
[White "Lueders, Guenter"]
[Black "Nickel, Arno"]
[Result "0-1"]
[WhiteElo "1796"]
[BlackElo "2087"]
[PlyCount "66"]
[EventDate "2015.09.28"]
[EventType "swiss"]
[EventRounds "9"]
[EventCountry "GER"]
[SourceTitle "EXT 2018"]
[Source "ChessBase"]
[SourceDate "2017.10.13"]
[SourceVersion "1"]
[SourceVersionDate "2017.10.13"]
[SourceQuality "1"]

1. d4 Nf6 2. Nf3 e6 3. Bf4 b6 4. Nbd2 Bb7 5. e3 Be7 6. Be2 Nh5 7. Bg3 0-0 8. c3 f5 9. Qc2 c5 10. dxc5 Nxg3 11. hxg3 bxc5 12. g4 Qc7 13. gxf5 exf5 14. g4 g6 15. gxf5 Rxf5 16. Rg1 Rf7 17. 0-0-0 d5 18. Rg2 Nd7 19. Rdg1 Rg7 20. Ng5 Bxg5 21. Rxg5 Nf8 22. Bf3 Rd8 23. Bh1 Ne6 24. R5g3 Kh8 25. Nf3 d4 26. exd4 Qf4+ 27. Qd2 Qxd2+ 28. Nxd2 cxd4 29. Bxb7 Rxb7 30. cxd4 Nxd4 31. Re3 Rc8+ 32. Kb1 Rc2 33. Nc4 Rxc4 0-1